[Event "ch-SWE Mastarklassen"]
[Site "Lund SWE"]
[Date "2010.07.05"]
[Round "3"]
[White "Jonsson,E"]
[Black "Penalver,O"]
[Result "1-0"]
[WhiteElo "2019"]
[BlackElo "2288"]

1.e4 c5 2.c3 Nf6 3.e5 Nd5 4.d4 cxd4 5.cxd4 Nc6 6.Nc3 Nxc3 7.bxc3 d6 8.e6 fxe6
9.Bd3 Qa5 10.Bd2 e5 11.Qh5+ Kd8 12.Nf3 Kc7 13.O-O Bd7 14.Rfc1 Be8 15.Qh3 Qd5
16.c4 Qf7 17.d5 Bd7 18.Ng5 Qf6 19.Qg3 Nd4 20.c5 Kd8 21.Ba5+ Ke8 22.Nxh7 Ne2+
23.Bxe2 Rxh7 24.c6 Bc8 25.cxb7 Bxb7 26.Rab1 Bxd5 27.Qd3 Be6 28.Qxh7 Bf5 29.Qh5+ g6
30.Qf3 Bxb1 31.Qxa8+  1-0

[Event "ch-SWE Mastarklassen"]
[Site "Lund SWE"]
[Date "2010.07.05"]
[Round "3"]
[White "Eriksson,Mat"]
[Black "Bende,Tobias"]
[Result "1/2-1/2"]
[WhiteElo "2187"]
[BlackElo "2169"]

1.e4 c5 2.c3 Nf6 3.e5 Nd5 4.d4 cxd4 5.Nf3 Nc6 6.Bc4 Nb6 7.Bb3 d5 8.exd6 Qxd6
9.O-O Be6 10.Bxe6 Qxe6 11.Nxd4 Qd5 12.Qe2 Nxd4 13.cxd4 e6 14.Nc3 Qd7 15.d5 Nxd5
16.Nxd5 Qxd5 17.Rd1 Qc6 18.Bg5 Be7 19.Rac1 Qb6 20.Bxe7 Kxe7 21.Qe5 Rhc8 22.Qxg7 Rxc1
23.Rxc1 Rd8 24.Qxh7 Qxb2 25.Qh4+ Ke8 26.Qf4 Qd4 27.Qxd4  1/2-1/2

[Event "9th Open"]
[Site "La Fere FRA"]
[Date "2010.07.06"]
[Round "5"]
[White "Lucas,B"]
[Black "Poulain,A"]
[Result "0-1"]
[WhiteElo "1674"]
[BlackElo "1815"]

1.e4 c5 2.c3 Nf6 3.e5 Nd5 4.d4 Nc6 5.Nf3 d6 6.Bc4 Nb6 7.Bb3 cxd4 8.cxd4 dxe5
9.dxe5 Qxd1+ 10.Bxd1 Bg4 11.Bf4 e6 12.O-O Nc4 13.b3 Nb2 14.Nbd2 Nxd1 15.Raxd1 Bb4
16.Nc4 Bxf3 17.gxf3 Rd8 18.Rxd8+ Kxd8 19.Rd1+ Kc7 20.Kg2 h6 21.h4 b5 22.Nd6 Bxd6
23.Rxd6 Rc8 24.Rd2 Kb7 25.Kf1 Nb4 26.Ke2 Nd5 27.Bg3 Rc3 28.f4 g6 29.Kd1 h5
30.Rd4 a5 31.Kd2 Rc6 32.a3 Kb6 33.f3 Kc7 34.Bf2 Nc3 35.a4 Nb1+ 36.Ke3 Rc3+
37.Rd3 bxa4 38.bxa4 Rc4 39.Rd4 Rxd4 40.Kxd4 Nd2 41.Ke3 Nc4+ 42.Ke2 Nb2 43.Be1 Kb6
44.Ke3 Nxa4 45.Kd4 Kb5 46.Bd2 Nb6 47.Bxa5 Kxa5 48.Kc5 Nd5 49.Kd6 Kb5 50.Kd7 Kc5
51.Ke8 Kd4 52.Kxf7 Nxf4 53.Kf6 Ke3  0-1

[Event "ch-Paris Int"]
[Site "Paris FRA"]
[Date "2010.07.06"]
[Round "4"]
[White "Rabineau,C"]
[Black "Guilleux,F"]
[Result "1-0"]
[WhiteElo "2305"]
[BlackElo "2313"]

1.e4 c5 2.c3 Nf6 3.e5 Nd5 4.d4 cxd4 5.cxd4 d6 6.f4 Nc6 7.Nc3 dxe5 8.fxe5 Bf5
9.Nf3 Ndb4 10.d5 Nc2+ 11.Kf2 Nxa1 12.dxc6 Qxd1 13.Nxd1 bxc6 14.Ne3 Bg6 15.e6 fxe6
16.Ne5 Be4 17.Bd3  1-0

[Event "IsBank TCh-TUR"]
[Site "Konya TUR"]
[Date "2010.07.07"]
[Round "11"]
[White "Bulmaga,I"]
[Black "Alev,G"]
[Result "1-0"]
[WhiteElo "2254"]
[BlackElo "1565"]

1.e4 c5 2.c3 Nf6 3.e5 Nd5 4.Nf3 Nc6 5.Bc4 Nb6 6.Bb3 g6 7.d4 cxd4 8.Ng5 d5
9.exd6 e6 10.Qf3 Ne5 11.Qg3 Bxd6 12.Ne4 O-O 13.O-O Nec4 14.Qd3 Ne5 15.Qxd4 Bc7
16.Qxd8 Rxd8 17.Bg5 Nec4 18.Bxd8 Bxd8 19.Rd1 Be7 20.Bxc4 Nxc4 21.b3 Ne5 22.Nd6 b6
23.f4 Ng4 24.Na3 Ba6 25.b4 Rd8 26.Ne4 Rxd1+ 27.Rxd1 Bb7 28.Rd7 Bxe4 29.Rxe7 Ne3
30.g3 Nd5 31.Rxa7 Nxc3 32.Nc4 Bd5 33.Nxb6 Bxa2 34.Ra3  1-0

[Event "ch-SWE Mastarklassen"]
[Site "Lund SWE"]
[Date "2010.07.08"]
[Round "6"]
[White "Nygren,D"]
[Black "Nylen,A"]
[Result "1/2-1/2"]
[WhiteElo "2132"]
[BlackElo "2151"]

1.e4 c5 2.c3 Nf6 3.e5 Nd5 4.d4 cxd4 5.Nf3 b6 6.Bc4 Bb7 7.O-O e6 8.cxd4 Be7
9.Bxd5 Bxd5 10.Nc3 Bb7 11.d5 exd5 12.Nxd5 Bxd5 13.Qxd5 Nc6 14.Rd1 Rc8 15.Bf4 Nb4
16.Qe4 O-O 17.Qf5 Rc7 18.Nd4 g6 19.Qg4 h5 20.Qf3 Nc2 21.Nxc2 Rxc2 22.Qb3 Qc8
23.Rac1 Rxc1 24.Rxc1 Qb7 25.Qc4 Rd8 26.Bh6 Qc6 27.Qa6 Qe6 28.Bf4 Qf5 29.Be3 Qxe5
30.Qxa7 Qxb2 31.Qxb6 Qxb6 32.Bxb6 Ra8 33.Kf1 Rxa2 34.Rc8+ Kh7 35.Bd4 g5 36.Rc7 Ra6
37.Rxd7 Re6 38.Rd5  1/2-1/2

[Event "ch-SWE Mastarklassen"]
[Site "Lund SWE"]
[Date "2010.07.09"]
[Round "7"]
[White "Eriksson,Mat"]
[Black "Penalver,O"]
[Result "1/2-1/2"]
[WhiteElo "2187"]
[BlackElo "2288"]

1.e4 c5 2.c3 Nf6 3.e5 Nd5 4.d4 cxd4 5.Nf3 Nc6 6.Bc4 Nb6 7.Bb3 d5 8.exd6 Qxd6
9.O-O Be6 10.Bxe6 Qxe6 11.Nxd4 Nxd4 12.Qxd4 Rd8 13.Qe3 Qc6 14.b3 e6 15.c4 Bc5
16.Qe2 O-O 17.Bb2 Bd4 18.Bxd4 Rxd4 19.Nc3 Nc8 20.Rad1 Rh4 21.Rd3 Qc7 22.g3 Rh6  1/2-1/2

[Event "ch-SUI"]
[Site "Lenzerheide SUI"]
[Date "2010.07.10"]
[Round "3"]
[White "Jenni,F"]
[Black "Gallagher,Jo"]
[Result "1/2-1/2"]
[WhiteElo "2542"]
[BlackElo "2499"]

1.e4 c5 2.c3 Nf6 3.e5 Nd5 4.d4 cxd4 5.Nf3 Nc6 6.Bc4 Nb6 7.Bb3 d5 8.exd6 Qxd6
9.O-O Be6 10.Na3 Bxb3 11.Qxb3 e6 12.Nb5 Qd7 13.Nbxd4 Nxd4 14.Nxd4 Bc5 15.Rd1 O-O
16.Be3 Qe7 17.Nc2  1/2-1/2

[Event "38th TCh-GRE DivA"]
[Site "Peristeri GRE"]
[Date "2010.07.10"]
[Round "6"]
[White "Hadzimanolis,A"]
[Black "Nikolov,Mo"]
[Result "0-1"]
[WhiteElo "2341"]
[BlackElo "2552"]

1.e4 c5 2.c3 Nf6 3.e5 Nd5 4.d4 cxd4 5.cxd4 e6 6.Nf3 d6 7.Bc4 Nb6 8.Bb3 dxe5
9.Nxe5 Nc6 10.Nf3 Be7 11.O-O O-O 12.Nc3 Nb4 13.Re1 Bd7 14.a3 N4d5 15.Nxd5 Nxd5
16.Bxd5 exd5 17.Qb3 Bc6 18.Bd2 Re8 19.Re3 f6 20.Rae1 a5 21.Nh4 Qd7 22.g3 a4
23.Qd3 Bf8 24.Qf5 Rxe3 25.Rxe3 Qf7 26.Ng2 Qg6 27.Qe6+ Qf7 28.Qf5 Bd7 29.Qf3 Rc8
30.Rc3 Bc6 31.Qf5 Re8 32.Re3 Bd7 33.Qf3 Re4 34.Nf4 Rxd4 35.Bc3 Rc4 36.Qxd5 Bc6
37.Qd3 Rc5 38.Ne6 Rd5 39.Qe2 Qd7 40.Nxf8 Rd1+ 41.Be1 Qd5 42.f3 Kxf8 43.Kf2 h5
44.Bb4+ Kg8 45.Qc2 h4 46.gxh4 Qd4 47.b3 Qxh4+ 48.Ke2 Rd4 49.Kf1 Qf4 50.Qe2 Bb5
51.Re8+ Kh7  0-1

[Event "MGU-10 Open"]
[Site "Sofia BUL"]
[Date "2010.07.10"]
[Round "1"]
[White "Galunova,T"]
[Black "Mladenov,Andrey"]
[Result "1-0"]
[WhiteElo "1984"]
[BlackElo "1890"]

1.e4 c5 2.c3 Nf6 3.e5 Nd5 4.Nf3 Nc6 5.d4 cxd4 6.cxd4 d6 7.Nc3 Nxc3 8.bxc3 dxe5
9.d5 e4 10.dxc6 Qxd1+ 11.Kxd1 exf3 12.Bb5 Kd8 13.Bf4 e6 14.Kc2 Bc5 15.Rhd1+ Ke7
16.cxb7 Bxb7 17.Rd7+ Kf6 18.Rxb7 fxg2 19.Rg1 Bxf2 20.Rxg2 Bh4 21.Bd6 g5 22.Re2 Rhc8
23.Be5+ Kg6 24.Bd3+ f5 25.Bd4 Rc6 26.Bb5 Rd6 27.Bc5 Rd5 28.Rxe6+ Kh5 29.Be2+  1-0

[Event "ch-USA Junior"]
[Site "St Louis USA"]
[Date "2010.07.10"]
[Round "1"]
[White "Zhao,P"]
[Black "Shankland,S"]
[Result "1-0"]
[WhiteElo "2267"]
[BlackElo "2513"]

1.e4 c5 2.c3 Nf6 3.e5 Nd5 4.Nf3 e6 5.Bc4 Nc6 6.O-O d6 7.exd6 Bxd6 8.d4 cxd4
9.cxd4 O-O 10.Nc3 Nxc3 11.bxc3 b6 12.Re1 Bb7 13.Ng5 h6 14.Ne4 Ne7 15.Nxd6 Qxd6
16.Qg4 Nf5 17.Bd3 Rac8 18.Bf4 Qd7 19.Bd2 Bd5 20.Re5 Rfe8 21.a4 f6 22.Ree1 Kf7
23.h4 g6 24.Bb5 Bc6 25.Ba6 Bb7 26.Bb5 Bc6 27.h5 g5 28.Bd3 Nh4 29.f3 Kg7 30.Re2 Qf7
31.Rae1 f5 32.Qg3 f4 33.Qg4 Bd5 34.Re5 Kh8 35.Bb5 Rf8 36.Rc1 Nf5 37.Ba6 Rcd8
38.Bd3 Bc6 39.Rce1 Rd6 40.Bc1 Bxa4 41.Ba3 Bd7 42.Bxd6 Nxd6 43.Bg6 Qg7 44.Bd3 Rc8
45.Rxe6 Rxc3 46.Rxd6 Bxg4 47.Re8+ Qg8 48.Rxh6+  1-0

[Event "1st Open"]
[Site "Vaujany FRA"]
[Date "2010.07.10"]
[Round "1"]
[White "Szalontay,Mihaly"]
[Black "Stets,D"]
[Result "0-1"]
[WhiteElo "2025"]
[BlackElo "2478"]

1.e4 c5 2.c3 Nf6 3.e5 Nd5 4.d4 cxd4 5.cxd4 d6 6.Nf3 Nc6 7.Bc4 e6 8.Qe2 Be7
9.O-O O-O 10.Nc3 Nxc3 11.bxc3 dxe5 12.dxe5 b6 13.Bd2 Bb7 14.Rad1 Qc7 15.Rfe1 Rfd8
16.h4 Bf8 17.h5 Ne7 18.Bd3 Qc6 19.Be4 Qxe4 20.Qxe4 Bxe4 21.Rxe4 Rac8 22.Kf1 Rxc3
23.Bxc3 Rxd1+ 24.Ke2 Rc1 25.Bd2 Rc8 26.Rd4 Nd5 27.Ng5 Be7 28.Ne4 Kf8 29.a4 Ke8
30.h6 gxh6 31.Bxh6 Rc2+ 32.Kd3 Ra2 33.Bd2 a5 34.Rc4 Kd7 35.Be3 Nb4+ 36.Kc3 Rxa4
37.Kb3 b5 38.Nc5+ Bxc5 39.Rxc5 Nd5 40.Rxb5 Rb4+ 41.Rxb4 axb4 42.Bc1 Kc6 43.Kc4 Kb6
44.g4 Ka5 45.f4 Ka4 46.f5 b3 47.fxe6 fxe6 48.Kc5 Nf4 49.Kc4 Nh3 50.Kc3 Nf2
51.g5 Nd1+ 52.Kc4 b2 53.Bxb2 Nxb2+ 54.Kc5 Nd3+ 55.Kd6 Nf4 56.Ke7 Kb5 57.Kf6 Kc5
58.Kg7 Kd5 59.Kxh7 Kxe5 60.g6 Nxg6 61.Kxg6 Kf4  0-1

[Event "Heart of Finland"]
[Site "Jyvaskyla FIN"]
[Date "2010.07.11"]
[Round "9"]
[White "Kiik,K"]
[Black "Arkhangelsky,B"]
[Result "1-0"]
[WhiteElo "2444"]
[BlackElo "2237"]

1.e4 c5 2.c3 Nf6 3.e5 Nd5 4.Nf3 e6 5.d4 cxd4 6.cxd4 b6 7.a3 Be7 8.Bd3 Ba6
9.Nc3 Nxc3 10.bxc3 Bxd3 11.Qxd3 d5 12.exd6 Qxd6 13.Ne5 O-O 14.Bf4 Qd5 15.c4 Qb7
16.O-O Nd7 17.d5 Bf6 18.Rae1 exd5 19.cxd5 Nc5 20.Qf3 Rfd8 21.Nc6 Re8 22.g4 g6
23.Bb8 Rxe1 24.Rxe1 Nd7 25.Qf4 g5 26.Qd6 Kg7 27.Re8 b5 28.h4 h6 29.h5 a5
30.Nd8 Bxd8 31.Rxd8 Rxb8 32.Rxd7 Qb6 33.Qe5+ Kg8 34.Rd6  1-0

[Event "Int ch-SVK OpenA"]
[Site "Banska Stiavnica SVK"]
[Date "2010.07.12"]
[Round "3"]
[White "Yordanova,S"]
[Black "Rigo,Ja"]
[Result "1-0"]
[WhiteElo "2156"]
[BlackElo "2321"]

1.e4 c5 2.c3 Nf6 3.e5 Nd5 4.d4 cxd4 5.Nf3 e6 6.cxd4 d6 7.Bc4 Nc6 8.O-O dxe5
9.dxe5 Be7 10.Qe2 O-O 11.Re1 Bd7 12.Qe4 Rc8 13.Nc3 Nxc3 14.bxc3 Na5 15.Bd3 g6
16.Bh6 Bc6 17.Qe2 Re8 18.Nd4 Bd5 19.Bb5 Bc4 20.Qf3 Bxb5 21.Nxb5 Qd5 22.Qxd5 exd5
23.Nxa7 Rxc3 24.Nb5 Rc6 25.Rad1 Bb4 26.Re2 Bf8 27.Bxf8 Kxf8 28.g3 Rc5 29.Nd4 Nc6
30.f4 Ra8 31.Rb2 Rc4 32.Nb5 Ra5 33.Nd6 Rb4 34.Rxb4 Nxb4 35.Rb1 Nc6 36.Rxb7 Ra7
37.Rxa7 Nxa7 38.Kf2 Ke7 39.Ke3 Nc6 40.Nb5 f6 41.exf6+ Kxf6 42.Nc7 d4+ 43.Ke4 d3
44.Ke3 Nb4 45.a4 Ke7 46.Nb5 Ke6 47.Kd2 Kd5 48.Kc3 Na6 49.Kxd3 Nc5+ 50.Ke3 Nxa4
51.Kf3 Ke6 52.Nd4+ Kf6 53.g4 h6 54.h4 Nc5 55.Ne2 Nb3 56.Ng3 Nd4+ 57.Ke4 Ne6
58.h5 g5 59.f5 Nc7 60.Nf1 Nb5 61.Ne3 Nc3+ 62.Kd4 Nb5+ 63.Kc5 Nc7 64.Nd5+ Nxd5
65.Kxd5 Kf7 66.Ke5 Ke7 67.f6+ Kf8 68.Ke6 Ke8 69.Kd6 Kf7 70.Ke5 Kf8 71.Ke4 Ke8
72.Kd4 Kf7 73.Ke5 Kf8 74.f7 Kxf7 75.Kf5 Ke7 76.Kg6 Ke6 77.Kxh6 Kf6 78.Kh7 Kf7
79.h6  1-0

[Event "85th ch-ARG"]
[Site "Buenos Aires ARG"]
[Date "2010.07.12"]
[Round "7"]
[White "Benedetti,J"]
[Black "Lezcano,G"]
[Result "1-0"]
[WhiteElo "1945"]
[BlackElo "2177"]

1.e4 c5 2.c3 Nf6 3.e5 Nd5 4.d4 cxd4 5.Nf3 e6 6.Bc4 b6 7.Bxd5 exd5 8.Qxd4 Bb7
9.O-O Bc5 10.Qg4 Kf8 11.b4 Be7 12.Nd4 h5 13.Qg3 h4 14.Qf3 Nc6 15.e6 Ne5 16.Qf5 Bf6
17.exf7 Kxf7 18.Nd2 Kg8 19.f4 Nf7 20.N2f3 Nd6 21.Qh3 Ne4 22.Ne5 Rc8 23.Nxd7 Bxd4+
24.cxd4 Rc2 25.Qe6+ Kh7 26.f5 h3 27.f6 Rxg2+ 28.Kh1 Nf2+ 29.Rxf2 Rxf2 30.Qxh3+ Kg8
31.Qe6+ Kh7 32.fxg7 Re8 33.g8=Q+  1-0

[Event "ZDMI Open"]
[Site "Dresden GER"]
[Date "2010.07.12"]
[Round "3"]
[White "Schamschurko,Victor"]
[Black "Doell,D"]
[Result "0-1"]
[WhiteElo "1672"]
[BlackElo "2109"]

1.e4 c5 2.c3 Nf6 3.e5 Nd5 4.d4 e6 5.Nf3 cxd4 6.Nxd4 Nc6 7.Nxc6 dxc6 8.a3 b6
9.c4 Ne7 10.Qxd8+ Kxd8 11.Nc3 Kc7 12.Bd3 Nf5 13.b4 Bb7 14.Be4 Be7 15.Bf4 g5
16.Bg3 Rhd8 17.Bf3 Rd4 18.Be2 a5 19.b5 c5 20.O-O g4 21.Rad1 h5 22.Bd3 h4
23.Ne2 hxg3 24.Nxd4 gxh2+ 25.Kxh2 Rh8+ 26.Kg1 Nxd4 27.Rfe1 Nf3+ 28.Kf1 Rh1+
29.Ke2 Rxe1+ 30.Rxe1 Nxe1 31.Kxe1 Bxg2 32.Kd2 Bg5+  0-1

[Event "ch-TUR w"]
[Site "Konya TUR"]
[Date "2010.07.12"]
[Round "6"]
[White "Ozturk,H"]
[Black "Durmaz,A"]
[Result "1-0"]
[WhiteElo "1671"]
[BlackElo "1807"]

1.e4 c5 2.c3 Nf6 3.e5 Nd5 4.Nf3 b6 5.d4 cxd4 6.cxd4 e6 7.a3 Be7 8.Bd3 Ba6
9.Be4 Qc7 10.Bxd5 exd5 11.Nc3 Qc4 12.Be3 O-O 13.Nd2 Qc6 14.Qf3 Bc4 15.Nxc4 dxc4
16.d5 Qb7 17.Qg4 Rc8 18.O-O Kh8 19.f4 Na6 20.d6 Bf8 21.Rf3 Nc5 22.Bxc5 Rxc5
23.Qf5 Kg8 24.Ne4 g6 25.Nf6+ Kh8 26.Rh3 h6 27.Qg5  1-0

[Event "5th Nana Aleksandria Cup"]
[Site "Poti GEO"]
[Date "2010.07.12"]
[Round "2"]
[White "Lortkipanidze,N"]
[Black "Lomineishvili,M"]
[Result "1-0"]
[WhiteElo "2211"]
[BlackElo "2370"]

1.e4 c5 2.c3 Nf6 3.e5 Nd5 4.d4 cxd4 5.Nf3 e6 6.cxd4 d6 7.a3 Nc6 8.Bd3 Qc7
9.O-O Be7 10.Re1 Bd7 11.b4 a6 12.Qe2 Rd8 13.Ra2 Qb6 14.Qe4 dxe5 15.dxe5 Bc8
16.Bd2 f5 17.exf6 Nxf6 18.Qe2 Nd4 19.Nxd4 Qxd4 20.Bc4 Nd5 21.Bc1 O-O 22.Rd2 Nf4
23.Qf1 Qf6 24.Re4 Rxd2 25.Bxd2 Bd6 26.g3 Nd5 27.Qe1 b5 28.Bb3 Bc7 29.Bc3 Nxc3
30.Bxe6+ Bxe6 31.Rxe6 Qd4 32.Nxc3 Bb6 33.Ne4 Rc8 34.Nc5 Bxc5 35.bxc5 Qxc5
36.Re8+ Rxe8 37.Qxe8+ Qf8 38.Qe6+ Qf7 39.Qxa6 Qd5 40.h3 h6 41.Qa7 Qd1+ 42.Kh2 Qd5
43.Qe3 Kh7 44.g4 Qd6+ 45.Kg2 Qd5+ 46.Kg3 Qd6+ 47.f4 g5 48.Kf3 gxf4 49.Qb3 Kg7
50.h4 Qe5 51.Qd3 Qe1 52.Qd4+ Kg8 53.Qf2 Qc3+ 54.Kxf4 Qxa3 55.Qb6 Qc1+ 56.Kf5 Qc2+
57.Kf6 Qc3+ 58.Kg6 Qg7+ 59.Kh5 Kh7 60.Qe6 Qf8 61.Qd7+ Kg8 62.Kg6 Qf6+  1-0

[Event "Open A"]
[Site "Oberwart AUT"]
[Date "2010.07.13"]
[Round "1"]
[White "Zojer,S"]
[Black "Csonka,A1"]
[Result "1/2-1/2"]
[WhiteElo "2050"]
[BlackElo "2381"]

1.e4 c5 2.c3 Nf6 3.e5 Nd5 4.d4 cxd4 5.Nf3 e6 6.cxd4 d6 7.Bc4 Nc6 8.O-O Be7
9.a3 O-O 10.Qe2 Na5 11.Ba2 a6 12.Bd2 Bd7 13.Qe4 Bb5 14.Rc1 Ba4 15.Nc3 Nxc3
16.Rxc3 dxe5 17.Nxe5 Bc6 18.Qg4 Bd5 19.Bh6 g6 20.Bxf8 Bxf8 21.Bxd5 Qxd5 22.Rc7 Nc6
23.Nxc6 bxc6 24.Qf4 e5 25.Qxe5 Qb3 26.Qf6 Re8 27.Qxc6 Re2 28.Qc4 Qxc4 29.Rxc4 Rxb2
30.g3 Rd2 31.Ra4 Bg7 32.Rxa6 Bxd4 33.Rf1 Kg7 34.a4 Ra2 35.Kg2 f5 36.h3 Kh6
37.Kf3 Kg5 38.Ra5 Ra3+ 39.Kg2 Ra2 40.Kf3 Ra3+ 41.Kg2 Ra2  1/2-1/2

[Event "5th Nana Aleksandria Cup"]
[Site "Poti GEO"]
[Date "2010.07.14"]
[Round "4"]
[White "Mammadov,Z"]
[Black "Kotanjian,T"]
[Result "1-0"]
[WhiteElo "2302"]
[BlackElo "2551"]

1.e4 c5 2.c3 Nf6 3.e5 Nd5 4.Nf3 Nc6 5.d4 cxd4 6.cxd4 d6 7.Bc4 Nb6 8.Bb5 dxe5
9.Nxe5 Bd7 10.Nxd7 Qxd7 11.O-O Rd8 12.Nc3 e6 13.a4 a6 14.Bxc6 Qxc6 15.Bg5 f6
16.Be3 Bb4 17.Qg4 Bf8 18.Rac1 f5 19.Qh5+ g6 20.Qe2 Nd5 21.Bg5 Be7 22.Qe5 Rf8
23.Bxe7 Nxe7 24.Nb5 Qd7 25.Nc7+ Kf7 26.Rfe1 Nc6 27.Qxe6+ Kg7 28.Qxd7+  1-0

[Event "Aegean Open"]
[Site "Agios Kirykos GRE"]
[Date "2010.07.15"]
[Round "3"]
[White "Kouvatsou,M"]
[Black "Nikolov,Mo"]
[Result "0-1"]
[WhiteElo "2185"]
[BlackElo "2552"]

1.e4 c5 2.c3 Nf6 3.e5 Nd5 4.d4 cxd4 5.Nf3 e6 6.cxd4 d6 7.a3 Bd7 8.Bd3 Bc6
9.O-O Nd7 10.b4 a6 11.Re1 Rc8 12.Ng5 dxe5 13.dxe5 Be7 14.Qg4 Ne3 15.Bxe3 Nxe5
16.Qg3 Nxd3 17.Rd1 Ba4 18.Rf1 Qd5 19.Nd2 Bf6 20.Nde4 Be5 21.Qh4 h6 22.Nf3 Bxa1
23.Rxa1 f6 24.Nc5 Nxc5 25.Bxc5 Kf7 26.Re1 Rhd8 27.Qg4 Bd1 28.h4 Bxf3 29.gxf3 h5
30.Qg3 Qf5 31.Kh2 Rd3 32.Rg1 Qe5 33.Qxe5 fxe5 34.Rg5 Rxf3 35.Rxe5 Rxa3 36.Rxh5 Rd3
37.Rg5 Rd5 38.Rg4 a5 39.Be3 a4 40.b5 Ra8 41.Bd4 e5  0-1

[Event "Maria Albulet Mem"]
[Site "Braila ROU"]
[Date "2010.07.15"]
[Round "1"]
[White "Traistaru,T"]
[Black "Uta,Ad"]
[Result "1-0"]
[WhiteElo "2194"]
[BlackElo "2076"]

1.e4 c5 2.c3 Nf6 3.e5 Nd5 4.d4 cxd4 5.cxd4 d6 6.Nf3 Nc6 7.a3 e6 8.Bd3 Be7
9.O-O O-O 10.Qe2 Re8 11.Rd1 Bd7 12.Nc3 Rc8 13.Ne4 dxe5 14.dxe5 Qc7 15.Neg5 h6
16.Nh3 Bf8 17.Nf4 Nce7 18.Qe4 g6 19.Nxd5 exd5 20.Qh4 h5 21.Bf4 Qb6 22.Be3 Qe6
23.Bd4 Nc6 24.h3 Nxd4 25.Qxd4 Bc5 26.Qf4 Qb6 27.Ng5 Rf8 28.b4 Bd4 29.Ra2 Ba4
30.Rf1 Rce8 31.Nf3 Bc3 32.Qh6 f5 33.Ng5 Re7 34.e6 Be8 35.Rc2 Bf6 36.Be2 Bxg5
37.Qxg5 Rxe6 38.Bxh5 Bf7 39.Bf3 Rc6 40.Rd2 Rd6 41.Rfd1 Qd8 42.Qe3 b6 43.Bxd5 Rxd5
44.Rxd5 Bxd5 45.Qd4 Kf7 46.Qe5 Re8 47.Qxd5+ Qxd5 48.Rxd5 Re1+ 49.Kh2 Ke6
50.Rd3 a5 51.bxa5 bxa5 52.Re3+ Rxe3 53.fxe3 Kd5 54.Kg3 Ke4 55.Kf2 a4 56.g3 g5
57.Ke2  1-0

[Event "1st Open"]
[Site "Vaujany FRA"]
[Date "2010.07.16"]
[Round "7"]
[White "Priser,P"]
[Black "Moal,A"]
[Result "0-1"]
[WhiteElo "2011"]
[BlackElo "2207"]

1.e4 c5 2.c3 Nf6 3.e5 Nd5 4.d4 cxd4 5.Nf3 Nc6 6.cxd4 d6 7.Bc4 Nb6 8.Bb3 dxe5
9.d5 Na5 10.Nc3 Nxb3 11.Qxb3 g6 12.Nxe5 Bg7 13.Bf4 O-O 14.Rd1 Bf5 15.O-O Rc8
16.Rfe1 Bxe5 17.Bxe5 Re8 18.h3 g5 19.Ne4 h6 20.d6 Bxe4 21.dxe7 Qxe7 22.Rxe4 Nd7
23.Rxd7 Qxd7 24.Qe3 Qd5 25.f3 f5  0-1

[Event "Helmut Kohls It"]
[Site "Dortmund GER"]
[Date "2010.07.17"]
[Round "2"]
[White "Klyuner,V"]
[Black "Mainka,R"]
[Result "1/2-1/2"]
[WhiteElo "2443"]
[BlackElo "2484"]

1.e4 c5 2.c3 Nf6 3.e5 Nd5 4.d4 cxd4 5.Qxd4 e6 6.Nf3 Nc6 7.Qe4 f5 8.Qe2 Qc7
9.g3 b5 10.Bg2 a5 11.O-O Ba6 12.Bf4 b4 13.c4 Nxf4 14.gxf4 Be7 15.Nbd2 O-O
16.Rfd1 Rac8 17.b3 Bc5 18.Nf1 Ne7 19.Ng3 Nd5 20.Rxd5 exd5 21.Ng5 Bb7 22.cxd5 Qb6
23.Rd1 Be7 24.Nf3 Ba6 25.Qd2 Rc3 26.d6 Bd8 27.Qd5+ Kh8 28.Nd4 Rc5 29.Qf3 Rc3
30.Qd5 Rc5 31.Qf3 Rc3  1/2-1/2

[Event "Helmut Kohls It"]
[Site "Dortmund GER"]
[Date "2010.07.17"]
[Round "2"]
[White "Zelbel,P"]
[Black "Voicu,C"]
[Result "1-0"]
[WhiteElo "2345"]
[BlackElo "2346"]

1.e4 c5 2.c3 Nf6 3.e5 Nd5 4.Nf3 e6 5.d4 cxd4 6.cxd4 d6 7.Bc4 Nc6 8.O-O Be7
9.exd6 Qxd6 10.Nc3 O-O 11.Re1 a6 12.Bb3 Nf6 13.g3 Rd8 14.Bf4 Qb4 15.Bc7 Rxd4
16.Nxd4 Nxd4 17.Be5 Nc6 18.Bxf6 Bxf6 19.Nd5 Qd4 20.Nxf6+ Qxf6 21.Qd6 g6 22.Rad1 Kg7
23.Ba4 Qxb2 24.Bxc6 bxc6 25.Rb1 Qc3 26.Rec1 Qf3 27.Rb8 Rxb8 28.Qe5+ Qf6 29.Qxb8 Qd8
30.Qe5+ f6 31.Qc5 Bd7 32.Rd1 Kf7 33.Qa7 Ke8 34.Qxa6 Qc7 35.Qc4 c5 36.Qc3 Kf7
37.Rc1 Qa7 38.a3 c4 39.Qb4 Qa8 40.Rxc4 g5 41.Qd6 Qb7 42.h4 Kg6 43.Rc7 Qb1+
44.Kh2 Qf1 45.Qd4 e5 46.Qe4+ f5 47.Qe3 f4 48.gxf4 Bh3 49.f5+  1-0

[Event "ZDMI Open"]
[Site "Dresden GER"]
[Date "2010.07.17"]
[Round "8"]
[White "Wiesner,P"]
[Black "Hutschenreiter,J"]
[Result "0-1"]
[WhiteElo "1840"]
[BlackElo "2066"]

1.e4 c5 2.c3 Nf6 3.e5 Nd5 4.d4 d6 5.exd6 Qxd6 6.Nf3 cxd4 7.cxd4 Nc6 8.Be2 g6
9.O-O Bg7 10.Be3 O-O 11.Nc3 a6 12.Qc2 Bf5 13.Qb3 Be6 14.Qc2 Rac8 15.Qd2 Nxc3
16.bxc3 Na5 17.Bf4 Qa3 18.Rfc1 Nc4 19.Bxc4 Bxc4 20.Ne5 Rfd8 21.Nxc4 Rxc4
22.Qe1 e6 23.Bd2 b5 24.Rcb1 Qd6 25.Rd1 b4 26.Qe2 Qd5 27.Rac1 bxc3 28.Bxc3 Bxd4
29.Bxd4 Rxd4 30.Rxd4 Qxd4 31.Qxa6 Qb2 32.Qc4 Ra8 33.g3 Rxa2 34.Qc8+ Kg7 35.Qc3+ Qxc3
36.Rxc3 h5 37.h4 e5 38.Kg2 Kf6 39.Kf3 Kf5 40.Re3 f6 41.Re1 g5 42.hxg5 fxg5
43.Rh1 e4+ 44.Ke3 Ra3+ 45.Kd4 Rd3+ 46.Kc4 Kg4 47.Rh2 Rd1 48.Kc5 h4 49.gxh4 gxh4
50.Kc4 h3 51.Kc5 Rg1 52.Kd4 Rg2 53.Rh1 Rxf2 54.Kxe4 h2 55.Ra1 Kg3  0-1

[Event "2nd Open"]
[Site "Rethymno GRE"]
[Date "2010.07.17"]
[Round "6"]
[White "Pap,M"]
[Black "Breier,A"]
[Result "1/2-1/2"]
[WhiteElo "2509"]
[BlackElo "2399"]

1.e4 c5 2.c3 Nf6 3.e5 Nd5 4.Nf3 d6 5.d4 cxd4 6.Bc4 e6 7.cxd4 Nc6 8.Qe2 Be7
9.O-O O-O 10.Rd1 Na5 11.Bd3 Nb4 12.exd6 Qxd6 13.Nc3 Nxd3 14.Qxd3 Rd8 15.Qb5 b6
16.Qh5 Bb7 17.Ne5 g6 18.Qh6 Bf8 19.Qh4 f5 20.Bg5 Rdc8 21.Rd3 Rc7 22.Rh3 Rg7
23.Bh6 Re7 24.Bf4 Rg7 25.Nf7 Qxd4 26.Rd1 g5 27.Nh6+ Kh8 28.Rxd4 gxh4 29.Be5 Bxg2
30.Rhxh4 Bd5+ 31.Bxg7+ Bxg7 32.Nxd5 Bxd4 33.Rxd4 Kg7 34.Nxf5+ exf5 35.Ne3 Kf6
36.Rd6+ Ke5 37.Rh6 Rg8+ 38.Kf1 Rg7 39.Ke2 Nb7 40.b4 Rf7 41.a3 Rc7 42.h3 Nd8
43.Rh5 Rf7 44.Kf3 Ne6 45.Ng4+ Kd5 46.Nh6 Nd4+ 47.Kf4 Rf6 48.Ng4 Ne6+ 49.Ke3 Rf8
50.Nh2 Kc4 51.Nf3 Kb3 52.Rxh7 Kxa3 53.Re7 Rf6 54.b5 Kb4 55.Rxa7 Kxb5 56.h4 Kc4
57.Ne5+ Kd5 58.Nd7 Rh6 59.Nxb6+ Kc6 60.Nc8 f4+ 61.Ke4 Rxh4 62.Ra6+ Kd7 63.Rd6+ Kxc8
64.Rxe6 Kd7 65.Re5 Kd6 66.f3 Rh1 67.Ra5 Rh4 68.Ra6+ Ke7 69.Kf5 Rh5+ 70.Kxf4 Rb5
71.Kg4 Kf7 72.f4 Rc5 73.Ra7+ Kf6 74.Ra6+ Kf7 75.Rh6 Ra5 76.Rc6 Rb5 77.f5 Rb1
78.Rc7+ Kf6 79.Rc6+ Kf7 80.Kg5 Rg1+ 81.Kf4 Rf1+  1/2-1/2

[Event "2nd Open"]
[Site "Rethymno GRE"]
[Date "2010.07.17"]
[Round "6"]
[White "Parligras,M"]
[Black "Iordachescu,V"]
[Result "1/2-1/2"]
[WhiteElo "2574"]
[BlackElo "2623"]

1.e4 c5 2.c3 Nf6 3.e5 Nd5 4.Nf3 Nc6 5.d4 cxd4 6.cxd4 d6 7.Bc4 Nb6 8.Bb5 dxe5
9.Nxe5 Bd7 10.Nxd7 Qxd7 11.Nc3 e6 12.O-O Rd8 13.Bg5 Be7 14.Bxe7 Qxe7 15.Qf3  1/2-1/2

[Event "XIV Battle Of Senta"]
[Site "Senta SRB"]
[Date "2010.07.17"]
[Round "1"]
[White "Dolnik,A"]
[Black "Nadj Hedjesi,B"]
[Result "0-1"]
[WhiteElo "2183"]
[BlackElo "2426"]

1.e4 c5 2.c3 Nf6 3.e5 Nd5 4.d4 e6 5.Nf3 cxd4 6.cxd4 Na6 7.Nc3 Nac7 8.Bd3 Be7
9.O-O O-O 10.Ne4 h6 11.a3 b6 12.h3 Ba6 13.Bxa6 Nxa6 14.Nh2 Nac7 15.Qh5 f5
16.exf6 Nxf6 17.Nxf6+ Bxf6 18.Be3 Nd5 19.Qg6 Qe8 20.Qe4 Qh5 21.Ng4 Qf5 22.Qxf5 exf5
23.Nxf6+ Rxf6 24.Rac1 Re8 25.Rfe1 Rfe6 26.Kf1 Kf7 27.Bd2 Rxe1+ 28.Bxe1 Ke6
29.Bd2 Kd6 30.b3 Re4 31.Rd1 Kc6 32.Bc1 d6 33.Rd3 Kd7 34.Bb2 Re8 35.g3 Rc8
36.Rd2 Re8 37.Rd3 g6 38.Bc1 h5 39.h4 Rc8 40.Bd2 Rc2 41.Kg2 b5 42.a4 b4 43.Kh3 a5
44.Kg2 Rb2 45.Bg5 Nc3 46.d5 Ne4 47.Be3 Kc7 48.Kf3 Rc2 49.Kf4 Rc3 50.Rxc3+ bxc3
51.f3 Nf6 52.Kg5 Nxd5 53.Bc1 Ne7 54.Kf6 Kd7 55.Ba3 c2 56.Bc1 d5 57.Ke5 Nc6+
58.Kf6 Nd4 59.Kxg6 Ne2 60.Bd2 Nxg3 61.Kg5 d4 62.Kf4 Ne2+ 63.Kxf5 c1=Q 64.Bxc1 Nxc1
65.Ke4 Nxb3 66.Kd3 Ke6  0-1

[Event "MGU-11 Open"]
[Site "Sofia BUL"]
[Date "2010.07.17"]
[Round "3"]
[White "Mihov,Emil"]
[Black "Ruschukov,Boyan"]
[Result "0-1"]
[WhiteElo "1783"]
[BlackElo "1962"]

1.e4 c5 2.c3 Nf6 3.e5 Nd5 4.d4 cxd4 5.cxd4 d6 6.Bc4 e6 7.f4 dxe5 8.dxe5 Bb4+
9.Bd2 Qa5 10.Bxd5 exd5 11.Nf3 O-O 12.O-O Nc6 13.Nc3 d4 14.Ne4 Bg4 15.a3 Bxd2
16.Qxd2 Qd5 17.Rae1 f6 18.exf6 gxf6 19.Qf2 Kh8 20.Qh4 Qh5 21.Qxh5 Bxh5 22.Rd1 Rad8
23.Rd2 Rf7 24.h3 Bg6 25.Nc5 Rd5 26.Nb3 Rfd7 27.Rfd1 d3 28.Nc1 Nd4 29.Nxd4 Rxd4
30.Kf2 Rxf4+ 31.Ke3 Rfd4 32.Nb3 Re4+  0-1

[Event "1st Open"]
[Site "Vaujany FRA"]
[Date "2010.07.17"]
[Round "8"]
[White "Van Dongen,P"]
[Black "Brunner,N"]
[Result "0-1"]
[WhiteElo "2330"]
[BlackElo "2451"]

1.e4 c5 2.c3 Nf6 3.e5 Nd5 4.d4 cxd4 5.Nf3 Nc6 6.Bc4 Nb6 7.Bb3 d5 8.exd6 Qxd6
9.O-O Be6 10.Bxe6 Qxe6 11.Nxd4 Nxd4 12.Qxd4 Rd8 13.Qh4 h5 14.h3 Qc4 15.Qxc4 Nxc4
16.b3 Nd6 17.Be3 b6 18.Rd1 Nf5 19.Rxd8+ Kxd8 20.Bf4 f6 21.a4 e5 22.Bd2 Kc7
23.a5 b5 24.c4 bxc4 25.bxc4 Kc6 26.Ra2 Bc5 27.Rb2 Nd6 28.Be3 Nxc4 29.Rc2 Nxe3
30.fxe3 Rb8 31.Nd2 Rb4 32.Kf2 Kb5 33.Ke2 f5 34.Ra2 h4 35.a6 e4 36.Rc2 Bb6
37.Ra2 Bd8 38.Nf1 Bb6 39.g3 hxg3 40.Nxg3 g6 41.Nf1 Rb3 42.h4 Bc5 43.Rd2 Kxa6
44.h5 gxh5 45.Rd5 Rb2+ 46.Kd1 Bb4 47.Rxf5 h4 48.Rf4 h3 49.Rxe4 Rf2 50.Ng3 Kb5
51.Re5+ Kc4  0-1